◯◯本線が通る自治体 - Statistics

General Stats
  • This quiz has been taken 67 times
  • The average score is 387 of 577
Answer Stats
Answer % Correct
旭川市
91%
網走市
89%
根室市
89%
函館市
89%
稚内市
87%
釧路市
87%
滝川市
87%
森町
87%
小樽市
87%
札幌市
87%
福島市
87%
北見市
85%
北斗市
85%
長万部町
85%
ニセコ町
85%
砂川市
85%
山形市
85%
秋田市
85%
千代田区
85%
郡山市
85%
仙台市
85%
名古屋市
85%
静岡市
85%
浜松市
85%
神戸市
85%
名寄市
83%
遠軽町
83%
新得町
83%
帯広市
83%
八雲町
83%
室蘭市
83%
青森市
83%
さいたま市
83%
宇都宮市
83%
川崎市
83%
横浜市
83%
一宮市
83%
岐阜市
83%
米原市
83%
京都市
83%
大阪市
83%
富山市
83%
音威子府村
81%
深川市
81%
七飯町
81%
岩見沢市
81%
苫小牧市
81%
能代市
81%
台東区
81%
北区
81%
川口市
81%
小山市
81%
白河市
81%
盛岡市
81%
由利本荘市
81%
品川区
81%
藤沢市
81%
小田原市
81%
熱海市
81%
三島市
81%
富士市
81%
磐田市
81%
湖西市
81%
豊橋市
81%
大垣市
81%
大津市
81%
奈良市
81%
和歌山市
81%
松江市
81%
釧路町
79%
富良野市
79%
厚岸町
79%
美唄市
79%
伊達市
79%
登別市
79%
米沢市
79%
大仙市
79%
大館市
79%
蕨市
79%
古河市
79%
那須塩原市
79%
新潟市
79%
長野市
79%
長岡市
79%
千葉市
79%
新宿区
79%
甲府市
79%
港区
79%
茅ヶ崎市
79%
平塚市
79%
真鶴町
79%
湯河原町
79%
沼津市
79%
掛川市
79%
袋井市
79%
蒲郡市
79%
岡崎市
79%
関ケ原町
79%
彦根市
79%
草津市
79%
高槻市
79%
茨木市
79%
尼崎市
79%
高山市
79%
四日市市
79%
伊賀市
79%
津市
79%
長浜市
79%
鳥取市
79%
下関市
79%
加古川市
79%
姫路市
79%
相生市
79%
岡山市
79%
広島市
79%
山口市
79%
士別市
77%
中川町
77%
豊富町
77%
沼田町
77%
清水町
77%
浜中町
77%
余市町
77%
上山市
77%
新庄市
77%
弘前市
77%
白石市
77%
名取市
77%
北上市
77%
新発田市
77%
酒田市
77%
中央区
77%
江戸川区
77%
市川市
77%
船橋市
77%
杉並区
77%
三鷹市
77%
小金井市
77%
立川市
77%
八王子市
77%
相模原市
77%
北杜市
77%
中津川市
77%
大田区
77%
鎌倉市
77%
函南町
77%
焼津市
77%
島田市
77%
大府市
77%
近江八幡市
77%
吹田市
77%
西宮市
77%
芦屋市
77%
桑名市
77%
亀山市
77%
新宮市
77%
敦賀市
77%
豊岡市
77%
倉吉市
77%
出雲市
77%
益田市
77%
明石市
77%
倉敷市
77%
福山市
77%
尾道市
77%
三原市
77%
東広島市
77%
北九州市
77%
幌延町
74%
江別市
74%
東根市
74%
横手市
74%
荒川区
74%
矢板市
74%
一関市
74%
花巻市
74%
利府町
74%
鶴岡市
74%
高崎市
74%
柏崎市
74%
江東区
74%
四街道市
74%
佐倉市
74%
銚子市
74%
中野区
74%
武蔵野市
74%
国分寺市
74%
国立市
74%
大月市
74%
塩尻市
74%
多治見市
74%
大磯町
74%
二宮町
74%
藤枝市
74%
安城市
74%
下呂市
74%
鈴鹿市
74%
亀岡市
74%
綾部市
74%
米子市
74%
浜田市
74%
廿日市市
74%
鹿児島市
74%
比布町
72%
大空町
72%
むかわ町
72%
洞爺湖町
72%
天童市
72%
久喜市
72%
西郷村
72%
大崎市
72%
栗原市
72%
村上市
72%
にかほ市
72%
安中市
72%
上越市
72%
三条市
72%
葛飾区
72%
八街市
72%
渋谷区
72%
日野市
72%
上野原市
72%
山梨市
72%
茅野市
72%
諏訪市
72%
岡谷市
72%
土岐市
72%
菊川市
72%
刈谷市
72%
清須市
72%
野洲市
72%
守山市
72%
栗東市
72%
長岡京市
72%
飛騨市
72%
松阪市
72%
安来市
72%
萩市
72%
長門市
72%
岩国市
72%
山陽小野田市
72%
福岡市
72%
熊本市
72%
長崎市
72%
斜里町
70%
秩父別町
70%
赤平市
70%
芦別市
70%
白老町
70%
村山市
70%
湯沢市
70%
北秋田市
70%
大鰐町
70%
白岡市
70%
那須町
70%
須賀川市
70%
二本松市
70%
岩沼市
70%
奥州市
70%
墨田区
70%
習志野市
70%
甲斐市
70%
豊川市
70%
稲沢市
70%
向日市
70%
大山崎町
70%
各務原市
70%
田辺市
70%
福知山市
70%
江津市
70%
鳥栖市
70%
久留米市
70%
八代市
70%
大分市
70%
佐賀市
70%
諫早市
70%
上川町
68%
弟子屈町
68%
芽室町
68%
池田町
68%
白糠町
68%
高畠町
68%
大石田町
68%
蓮田市
68%
多賀城市
68%
平泉町
68%
加茂市
68%
笛吹市
68%
下諏訪町
68%
恵那市
68%
幸田町
68%
東近江市
68%
摂津市
68%
美濃加茂市
68%
王寺町
68%
熊野市
68%
串本町
68%
白浜町
68%
御坊市
68%
南丹市
68%
大田市
68%
上郡町
68%
柳井市
68%
光市
68%
宇部市
68%
玉名市
68%
薩摩川内市
68%
別府市
68%
日向市
68%
黒松内町
66%
潟上市
66%
下野市
66%
旭市
66%
甲州市
66%
韮崎市
66%
木曽町
66%
瑞浪市
66%
春日井市
66%
辰野町
66%
垂井町
66%
弥富市
66%
木津川市
66%
尾鷲市
66%
那智勝浦町
66%
海南市
66%
新温泉町
66%
周南市
66%
防府市
66%
筑後市
66%
大牟田市
66%
延岡市
66%
宮崎市
66%
美深町
64%
豊浦町
64%
南陽市
64%
八郎潟町
64%
野木町
64%
さくら市
64%
大田原市
64%
本宮市
64%
矢巾町
64%
酒々井町
64%
富士見町
64%
島本町
64%
有田市
64%
湯梨浜町
64%
高砂市
64%
たつの市
64%
笠岡市
64%
中津市
64%
佐伯市
64%
飯塚市
64%
美幌町
62%
鹿部町
62%
矢吹町
62%
胎内市
62%
横芝光町
62%
白川町
62%
多気町
62%
大山町
62%
播磨町
62%
赤穂市
62%
備前市
62%
府中町
62%
行橋市
62%
都城市
62%
阿蘇市
62%
和寒町
60%
剣淵町
60%
標茶町
60%
清里町
60%
小清水町
60%
蘭越町
60%
仁木町
60%
厚真町
60%
尾花沢市
60%
大河原町
60%
松島町
60%
紫波町
60%
遊佐町
60%
見附市
60%
匝瑳市
60%
八尾市
60%
すさみ町
60%
有田川町
60%
京丹波町
60%
阿武町
60%
赤磐市
60%
大竹市
60%
下松市
60%
宇土市
60%
宇佐市
60%
霧島市
60%
直方市
60%
吉野ヶ里町
60%
日田市
60%
豊頃町
57%
奈井江町
57%
登米市
57%
大和郡山市
57%
柏原市
57%
太地町
57%
湯浅町
57%
浅口市
57%
宇城市
57%
臼杵市
57%
竹田市
57%
浦幌町
55%
由仁町
55%
栗山町
55%
塩竃市
55%
阿賀野市
55%
山武市
55%
朝日町
55%
海田町
55%
荒尾市
55%
姶良市
55%
江北町
55%
鹿島市
55%
由布市
55%
豊後大野市
55%
幕別町
53%
真室川町
53%
平川市
53%
桑折町
53%
金ケ崎町
53%
木祖村
53%
蟹江町
53%
斑鳩町
53%
紀宝町
53%
朝来市
53%
香美町
53%
和気町
53%
和木町
53%
宗像市
53%
福津市
53%
大野城市
53%
筑紫野市
53%
いちき串木野市
53%
杵築市
53%
高鍋町
53%
長与町
53%
当麻町
51%
愛別町
51%
妹背牛町
51%
田舎館村
51%
鏡石町
51%
庄内町
51%
愛西市
51%
南山城村
51%
笠置町
51%
養父市
51%
春日市
51%
豊前市
51%
津久見市
51%
うきは市
51%
高根沢町
49%
上松町
49%
瑞穂市
49%
三郷町
49%
紀北町
49%
日高川町
49%
古賀市
49%
日出町
49%
戸田市
47%
里庄町
47%
田布施町
47%
遠賀町
47%
太宰府市
47%
基山町
47%
中間市
47%
井川町
45%
美里町
45%
坂祝町
45%
大台町
45%
苅田町
45%
安平町
43%
国見町
43%
大桑村
43%
七宗町
43%
大紀町
43%
みなべ町
43%
日高町
43%
由良町
43%
岩美町
43%
神埼市
43%
共和町
40%
三種町
40%
御浜町
40%
上富田町
40%
印南町
40%
広川町
40%
都農町
40%
小城市
40%
俱知安町
38%
泉崎村
38%
北栄町
38%
琴浦町
38%
水巻町
38%
新宮町
38%
みやま市
38%
曽於市
38%
桂川町
38%
菊陽町
38%
美郷町
36%
藤崎町
36%
柴田町
36%
太良町
36%
大津町
36%
舟形町
34%
日置市
34%
鮭川村
32%
長洲町
32%
築上町
32%
吉富町
32%
新富町
32%
南阿蘇村
32%
上三川町
30%
田上町
30%
川辺町
30%
門川町
30%
玖珠町
30%
九重町
30%
南木曽村
28%
岡垣町
28%
白石町
28%
玉東町
26%
川南町
26%
みやき町
26%
三股町
23%
小竹町
19%
鞍手町
15%
No matching quizzes found
Score Distribution
Percent of People with Each Score
Percentile by Number Answered
Your Score History
You have not taken this quiz